Investigation of aerodynamics and burning in boiler furnace BКZ-420-140 as applied to replacement variants of project fuel; Bulletin of the Tomsk Polytechnic University; Vol. 310, № 1

書誌詳細
Parent link:Bulletin of the Tomsk Polytechnic University/ Tomsk Polytechnic University (TPU).— , 2006-2007
Vol. 310, № 1.— 2007.— [P. 161-166]
その他の著者: Gil А. V., Zavorin A. S. Aleksandr Sergeevich, Krasilnikov S. V., Obukhov S. V., Starchenko A. V. Aleksandr Vasiljevich
要約:Заглавие с титульного листа
Электронная версия печатной публикации
The results of studying furnace processes in boiler furnace BКZ-420-140 of Omsk heat power plant_4 at burning project fuel in it (Ekibastuz coal) and substituting coals (Kuznetsk D and Irsha-Borodinsk coals) on the basis of mathematical models of applied program package FIRE 3D are presented. The analysis of the results obtained in three-dimension interpretation applicable to each fuel type as well as comparison of the obtained data with standard calculations is made.
言語:英語
出版事項: 2007
シリーズ:Power engineering
主題:
オンライン・アクセス:http://www.lib.tpu.ru/fulltext/v/Bulletin_TPU/2007/v310eng/i1/41.pdf
フォーマット: 電子媒体 図書の章
KOHA link:https://koha.lib.tpu.ru/cgi-bin/koha/opac-detail.pl?biblionumber=180927

MARC

LEADER 00000nla2a2200000 4500
001 180927
005 20231031170924.0
035 |a (RuTPU)RU\TPU\book\196135 
035 |a RU\TPU\book\196134 
090 |a 180927 
100 |a 20100528d2007 k y0rusy50 ca 
101 1 |a eng  |c rus 
102 |a RU 
135 |a drnn ---uucaa 
200 1 |a Investigation of aerodynamics and burning in boiler furnace BКZ-420-140 as applied to replacement variants of project fuel  |b Electronic resource  |f А. V. Gil [et al.] 
203 |a Text  |c electronic 
215 |a 1 файл (835 Кб) 
225 1 |a Power engineering 
230 |a Электронные текстовые данные (1 файл : 835 Кб) 
300 |a Заглавие с титульного листа 
300 |a Электронная версия печатной публикации 
320 |a [Bibliography: p. 166 (6 titles)] 
330 |a The results of studying furnace processes in boiler furnace BКZ-420-140 of Omsk heat power plant_4 at burning project fuel in it (Ekibastuz coal) and substituting coals (Kuznetsk D and Irsha-Borodinsk coals) on the basis of mathematical models of applied program package FIRE 3D are presented. The analysis of the results obtained in three-dimension interpretation applicable to each fuel type as well as comparison of the obtained data with standard calculations is made. 
337 |a Adobe Reader 
461 1 |0 (RuTPU)RU\TPU\book\169973  |t Bulletin of the Tomsk Polytechnic University  |f Tomsk Polytechnic University (TPU)  |d 2006-2007 
463 1 |0 (RuTPU)RU\TPU\book\195457  |t Vol. 310, № 1  |v [P. 161-166]  |d 2007  |p 201 p. 
610 1 |a investigations 
610 1 |a aerodynamics 
610 1 |a burning 
610 1 |a boiler 
610 1 |a project fuel 
610 1 |a furnace processes 
610 1 |a substituting coals 
610 1 |a mathematical models 
610 1 |a program packages 
610 1 |a analysis 
610 1 |a data 
610 1 |a труды учёных ТПУ 
610 1 |a электронный ресурс 
675 |a 661.181.12:662.73/.74.001.5  |v 3 
701 1 |a Gil  |b А. V. 
701 1 |a Zavorin  |b A. S.  |c specialist in the field of Steam Generator Systems and Engineering  |c Doctor of Technical Sciences, Professor of Tomsk Polytechnic University (TPU)  |f 1946-  |g Aleksandr Sergeevich  |2 stltpush  |3 (RuTPU)RU\TPU\pers\32484 
701 1 |a Krasilnikov  |b S. V. 
701 1 |a Obukhov  |b S. V. 
701 1 |a Starchenko  |b A. V.  |c специалист в области теплоэнергетики  |c профессор Томского политехнического университета  |f 1958-  |g Aleksandr Vasiljevich  |2 stltpush  |3 (RuTPU)RU\TPU\pers\30711 
801 1 |a RU  |b 63413507  |c 20090623  |g PSBO 
801 2 |a RU  |b 63413507  |c 20191210  |g PSBO 
856 4 |u http://www.lib.tpu.ru/fulltext/v/Bulletin_TPU/2007/v310eng/i1/41.pdf 
942 |c CF